Un nuevo mundo para ingenieros

Sparad:
Bibliografiska uppgifter
Huvudupphovsman: Heald, Henry T (Författare, medförfattare)
Materialtyp: Bok
Språk:spanska
Publicerad: Buenos Aires Maraymar 1974
Ämnen:
Taggar: Lägg till en tagg
Inga taggar, Lägg till första taggen!

MARC

LEADER 00000nam a2200000 a 4500
001 UCU4246
003 CL-VaPUC
008 960517e19740000AG |||||||||||||||||spa|d
082 0 4 |a 620.002  |b HEA  |2 21 
100 0 |a Heald, Henry T  |e author  |9 361765 
245 1 3 |a Un nuevo mundo para ingenieros 
300 |a 292 p 
942 |c BK 
945 |d 19960517 00:00:00  |a lriquelm 
260 |a Buenos Aires  |b Maraymar  |c 1974 
650 0 |a Ingeniería   |9 259380 
650 0 |a Energía   |9 259431 
650 0 |a Computadores  |9 258188 
650 0 |a Control automático  |9 259890 
650 0 |a Circuitos  |9 263339 
650 0 |a Satélites artificiales   |9 361058 
650 7 |a CONTAMINACION  |2 CL-VaPUC  |9 258139 
650 7 |a ENERGIA SOLAR  |2 CL-VaPUC  |9 361766 
583 |a last modification  |c 19960517 00:00:00  |k Rodrigo Vera 
999 |c 248029  |d 248027